Estudio a nivel de perfil del proyecto mejoramiento vial del tramo León-La Ceiba, 6.72 km. Departamento de León
La investigación presenta un estudio a nivel de perfil del proyecto mejoramiento vial, hace un estudio de mercado para cuantificar y establecer las necesidades del proyecto, determina un estudio técnico para estimar las variables como: el tamaño, localización, proceso productivo, ingeniería, c...
| Main Authors: | , , |
|---|---|
| Other Authors: | |
| Format: | Tesis Section = Libro |
| Language: | Undetermined Spanish |
| Published: |
Managua
UNI
2022
|
| Subjects: |
| LEADER | 01588nam a2200301Ia 4500 | ||
|---|---|---|---|
| 008 | 240830s9999 xx 000 0 und d | ||
| 040 | |a BIBLIOTECA-RUPAP/ Mon 625.7 R173 | ||
| 041 | |a spa | ||
| 082 | |a Mon 625.7 R173 | ||
| 100 | 1 | |a Ramírez Ruiz, Alicia del Socorro | |
| 100 | 1 | |b Cruz Escalante, José Alfredo | |
| 100 | 1 | |c Miranda Martínez, Gabriel Segundo | |
| 245 | 1 | 0 | |a Estudio a nivel de perfil del proyecto mejoramiento vial del tramo León-La Ceiba, 6.72 km. Departamento de León |
| 260 | |a Managua |b UNI |c 2022 | ||
| 300 | |a 142 p. :il. | ||
| 500 | |a Contiene: anexos y CD. | ||
| 502 | |a Tesis (Ingeniero Civil) - UNI, 2022. | ||
| 520 | 3 | |a La investigación presenta un estudio a nivel de perfil del proyecto mejoramiento vial, hace un estudio de mercado para cuantificar y establecer las necesidades del proyecto, determina un estudio técnico para estimar las variables como: el tamaño, localización, proceso productivo, ingeniería, costos y organización del proyecto, elabora un estudio socio económico para estipular la rentabilidad del proyecto, realiza un estudio de impacto ambiental para identificar y valorar los efectos directos e indirectos, positivos y negativos que causara la rehabilitación del tramo. | |
| 650 | 7 | |a CONSTRUCCION DE CARRETERAS | |
| 650 | 7 | |b ESTUDIO DE MERCADO | |
| 650 | 7 | |c INGENIERIA DE PROYECTOS | |
| 650 | 7 | |d ESTUDIO DE TRANSITO | |
| 650 | 7 | |e ESTUDIO HIDROLOGICO | |
| 650 | 7 | |f ESTUDIO DE IMPACTO AMBIENTAL | |
| 700 | 1 | |a Tutor: |b Fonseca Chávez, Miguel Antonio | |
| 942 | |c BK |2 ddc | ||
| 991 | |a Tesis | ||
| 999 | |c 19188 | ||